Welcome to WEB OPAC of MRSPTU Central Library

Fluid Power Tranmission and Control ( Applied Hydraulics and Pneumatics) (Record no. 6727)

MARC details
000 -LEADER
fixed length control field 00508nam a2200181Ia 4500
008 - FIXED-LENGTH DATA ELEMENTS--GENERAL INFORMATION
fixed length control field 230711s9999||||xx |||||||||||||| ||und||
020 ## - INTERNATIONAL STANDARD BOOK NUMBER
International Standard Book Number 81-85594-75-9
041 ## - LANGUAGE CODE
Language code of text/sound track or separate title ENG
082 ## - DEWEY DECIMAL CLASSIFICATION NUMBER
Classification number 620.106
Item number AL-F
100 ## - MAIN ENTRY--PERSONAL NAME
Personal name Alavudeen,A
245 #0 - TITLE STATEMENT
Title Fluid Power Tranmission and Control ( Applied Hydraulics and Pneumatics)
250 ## - EDITION STATEMENT
Edition statement 1st Ed.
260 ## - PUBLICATION, DISTRIBUTION, ETC.
Date of publication, distribution, etc. 2017
Place of publication, distribution, etc. Gujarat
Name of publisher, distributor, etc. Charotar Publishing House PVT.LTD
300 ## - PHYSICAL DESCRIPTION
Extent 460p.
650 ## - SUBJECT ADDED ENTRY--TOPICAL TERM
Topical term or geographic name entry element Mechanical Engineering
700 ## - ADDED ENTRY--PERSONAL NAME
Personal name Hussain Syed,Khalid
942 ## - ADDED ENTRY ELEMENTS (KOHA)
Koha item type Book
Holdings
Withdrawn status Lost status Damaged status Not for loan Collection Home library Current library Date acquired Source of acquisition Cost, normal purchase price Inventory number Total checkouts Full call number Barcode Date last seen Price effective from Koha item type
          MRSPTU Central Library MRSPTU Central Library 09/06/2043 Krishna Book Distributors 200.00 KBD/2017-2018/1021343059   620.106 AL-F 40071 08/17/2023 08/17/2023 Book
          MRSPTU Central Library MRSPTU Central Library 09/06/2043 Krishna Book Distributors 200.00 KBD/2017-2018/1021343059   620.106 AL-F 40072 08/17/2023 08/17/2023 Book
          MRSPTU Central Library MRSPTU Central Library 09/06/2043 Krishna Book Distributors 200.00 KBD/2017-2018/1021343059   620.106 AL-F 40073 08/17/2023 08/17/2023 Book
          MRSPTU Central Library MRSPTU Central Library 09/06/2043 Krishna Book Distributors 200.00 KBD/2017-2018/1021343059   620.106 AL-F 40074 08/17/2023 08/17/2023 Book
          MRSPTU Central Library MRSPTU Central Library 09/06/2043 Krishna Book Distributors 200.00 KBD/2017-2018/1021343059   620.106 AL-F 40075 08/17/2023 08/17/2023 Book
          MRSPTU Central Library MRSPTU Central Library 09/06/2043 Krishna Book Distributors 200.00 KBD/2017-2018/1021343059   620.106 AL-F 40076 08/17/2023 08/17/2023 Book

Website Designed and Developed by MRSPTU Central Library Team

E-mail Id: librarian@mrsptu.ac.in